000 00536nam a22001937a 4500
005 20240229133643.0
008 240229b ||||| |||| 00| 0 eng d
020 _a9788119948697
040 _aIN-DiNC
_cIN-DiNC
041 _deng
082 _a909
_bSEN
100 _aSen, Sanjay
_eauthor
245 _aSocial formations and cultural patterns of ancient and medieval world/
_cby Sanjay Sen
250 _a1st ed.
260 _aGuwahati:
_bAshok publication,
_c2024.
300 _a701p.
650 _aWorld history
942 _2ddc
_cBK
999 _c11773
_d11773